Vyšívame

Bibliographic Details
Main Author: Duchoňová, Milina (Author)
Format: Book
Language:Undetermined
PhysicalDescription:222 s.
Published: Bratislava Alfa 1976
Subjects:

MARC

LEADER 00000nam a2200000 a 4500
001 vtls001292236
003 SK-MaSNL
005 20260301004625.0
008 240315s1976 xo 0 und
035 |a SNK000243937 
040 |a SNK  |b slo  |c SNK  |e AACR2 
044 |a xo  |c SK 
100 1 |a Duchoňová, Milina  |4 aut  |9 287726 
245 1 |a Vyšívame 
260 |a Bratislava  |b Alfa  |c 1976 
300 |a 222 s. 
650 0 7 |a vyšívanie  |2 SNKPH  |9 3100 
655 7 |a vzorníky  |2 SNK  |9 287727 
958 |a OND 
999 |c 542655  |d 544585 
952 |a SNK  |b SNK  |y VYP  |7 0  |p 17A0074273  |o snkSC 38436 D1  |0 0  |1 0  |4 0  |d 1997-06-26  |l 0  |r 2005-01-02 00:00:00  |w 2026-02-23 
952 |a SNK  |b SNK  |y PREZ  |7 0  |p 17A0979210  |o snkSC 38436  |0 0  |1 0  |4 0  |d 2012-11-28  |l 0  |r 2025-10-10 00:00:00  |w 2026-02-23